00320 a2200109 4500001000700000020000600007040001100013100002600024240007800050245007300128362000900201165378 a  cMagnum aYozo, Ronaldo Yudi K.10a100 Jogos para grupos: uma abordagem psicodramatica para empresas...lpor10a100 Jogos para grupos: uma abordagem psicodramatica para empresas...0 a1899